00271nam a2200109Ia 4500008004100000041000800041082001800049100001400067245003500081260003700116300000800153230627s9999 xx 000 0 und d aeng a341.7663bJOS aJoshi.K.C aThe Minimum Wages Act Bare Act bBharat Law House Pvt. Ltd.c1979 a16p